[Event "QA-ANNIV-05"]
[Site "http://www.queenalice.com/game.php?id=758968"]
[Date "2010.4.10"]
[Round "4"]
[White "Tentarius"]
[Black "GEORGESILVA"]
[Result "0-1"]
[WhiteElo "2171"]
[BlackElo "2101"]

1. e4 c6 2. d4 d5 3. Nc3 dxe4 4. Nxe4 Bf5 5. Ng3 Bg6 6. Nf3 e6 7. Be2 Nf6 8. O-O
Be7 9. c3 O-O 10. Ne5 Nbd7 11. f4 Qb6 12. Kh1 Rad8 13. h4 Be4 14. Qe1 c5 15. Bf3
Bxf3 16. Nxf3 cxd4 17. Nxd4 Rfe8 18. b3 Ng4 19. Qe2 Ndf6 20. Bb2 Bd6 21. Ne4 e5
22. Nxd6 Rxd6 23. fxe5 Rxe5 24. Qc4 Ne3 25. Qd3 Nxf1 26. Qxf1 Nh5 27. Kh2 Rf6
28. Nf3 Re4 29. Qd1 Rxf3 30. gxf3 Qf2+ 0-1

[Event "QA-ANNIV-05"]
[Site "http://www.queenalice.com/game.php?id=793718"]
[Date "2010.6.23"]
[Round "5"]
[White "Canaye"]
[Black "Tentarius"]
[Result "0-1"]
[WhiteElo "1854"]
[BlackElo "2059"]

1. d4 Nf6 2. c4 g6 3. Nc3 d5 4. cxd5 Nxd5 5. e4 Nxc3 6. bxc3 Bg7 7. Nf3 O-O 8.
Bd3 Nd7 9. O-O c5 10. Be3 Qc7 11. Rc1 Qa5 12. Rc2 a6 13. Bd2 Qc7 14. d5 c4 15.
Be2 b5 16. Be3 Nc5 17. e5 Bf5 18. Rb2 Na4 19. Rd2 Nxc3 20. Qc1 Bxe5 21. Nxe5
Qxe5 22. Bf3 Ne4 23. Bd4 Qd6 24. Bxe4 Bxe4 25. Re1 Bd3 26. Re5 Rae8 27. Qe1 f6
28. Re4 Bxe4 29. Qxe4 e5 30. Be3 Rc8 31. Bh6 Rf7 32. h4 c3 33. Rc2 Rc4 34. Qf3
Rxh4 35. Qe3 Qxd5 0-1

[Event "QA-ANNIV-05"]
[Site "http://www.queenalice.com/game.php?id=841308"]
[Date "2010.10.3"]
[Round "6"]
[White "Tentarius"]
[Black "Champignac"]
[Result "1-0"]
[WhiteElo "2105"]
[BlackElo "1956"]

1. d4 d5 2. c4 dxc4 3. Nf3 Nf6 4. e3 e6 5. Bxc4 c6 6. O-O b5 7. Bd3 Bb7 8. a3 a5
9. e4 a4 10. Qc2 g6 11. Bg5 Bg7 12. e5 Nbd7 13. exf6 Nxf6 14. Nc3 O-O 15. Ne4 h6
16. Nxf6+ Bxf6 17. Bxh6 Bg7 18. Be3 f5 19. Ne5 Bxe5 20. dxe5 Qh4 21. f4 Rf7 22.
Rf3 Rh7 23. Rh3 Qd8 24. Rxh7 Kxh7 25. Rf1 Kg7 26. Be2 Qh4 27. g3 Qh3 28. Bf3 Rc8
29. Rd1 Rc7 30. Bb6 Re7 31. Bd8 Rf7 32. Bxc6 Bxc6 33. Qxc6 Qg4 34. Bf6+ 1-0

[Event "AUTO-MASTER-1034"]
[Site "http://www.queenalice.com/game.php?id=874739"]
[Date "2010.12.21"]
[Round "2"]
[White "HelderNanques"]
[Black "Tentarius"]
[Result "1-0"]
[WhiteElo "2171"]
[BlackElo "1924"]

1. d4 Nf6 2. Nf3 d5 3. c4 e6 4. Nc3 c6 5. e3 Bb4 6. Bd3 Nbd7 7. O-O O-O 8. Qb3
Ba5 9. cxd5 exd5 10. Bd2 Bc7 11. Rac1 Nb6 12. Na4 Nxa4 13. Qxa4 Re8 14. Qc2 1-0

[Event "AUTO-MASTER-1034"]
[Site "http://www.queenalice.com/game.php?id=874740"]
[Date "2010.12.21"]
[Round "2"]
[White "Tentarius"]
[Black "HelderNanques"]
[Result "0-1"]
[WhiteElo "1931"]
[BlackElo "2166"]

1. d4 e5 2. dxe5 Nc6 3. f4 d6 4. exd6 Bxd6 5. e4 Qe7 6. Bd3 h5 7. Ne2 Qh4+ 8. g3
Qh3 9. Ng1 Qg2 10. Qf3 Bh3 11. Bf1 Qxf1+ 12. Qxf1 Bxf1 13. Kxf1 Nd4 0-1

[Event "AUTO-MASTER-1034"]
[Site "http://www.queenalice.com/game.php?id=874748"]
[Date "2010.12.21"]
[Round "2"]
[White "TheBigSid"]
[Black "Tentarius"]
[Result "1-0"]
[WhiteElo "2159"]
[BlackElo "1938"]

1. d4 Nf6 2. c4 c6 3. Nc3 d5 4. e3 e6 5. Nf3 Bb4 6. Qc2 O-O 7. cxd5 exd5 8. Bd3
h6 9. h3 Re8 10. O-O Nbd7 11. Bd2 Nb6 12. a3 Bd6 13. b4 a6 14. Rab1 1-0

[Event "QA-ANNIV-05"]
[Site "http://www.queenalice.com/game.php?id=885903"]
[Date "2011.1.13"]
[Round "7"]
[White "niclep"]
[Black "Tentarius"]
[Result "0-1"]
[WhiteElo "2082"]
[BlackElo "1915"]

1. e4 c6 2. d4 d5 3. e5 Bf5 4. Nf3 e6 5. Bf4 h6 6. a3 b6 7. c3 Ne7 8. h3 Qc7 9.
Bd3 c5 10. O-O Nbc6 11. Bb5 a6 12. Bxc6+ Qxc6 13. Nbd2 g5 14. Bh2 Bg7 15. h4 Bd3
16. Re1 g4 17. Re3 c4 18. Ne1 Bf5 19. Nf1 Qb5 20. Qe2 Qb3 21. Ng3 h5 22. f4 Ng6
23. Nxf5 exf5 24. g3 Ne7 25. a4 O-O 26. Ra3 Qxa3 27. bxa3 Rfb8 28. Nc2 a5 29.
Qg2 b5 30. axb5 Rxb5 31. a4 Rb2 32. Re2 Rab8 33. Na3 R2b3 34. Nb5 Rb1+ 35. Kf2
Ra1 36. Ke3 Rxa4 37. Rb2 Ra1 38. Kd2 Rxb5 39. Kc2 Rxb2+ 40. Kxb2 Rd1 41. Qe2 Rd3
42. Qc2 Nc8 43. Kc1 Bf8 44. Qb2 a4 45. Qb7 Rxc3+ 46. Kd2 Rd3+ 47. Ke2 Ne7 48.
Bg1 Rxg3 49. Be3 a3 50. Bd2 Rb3 51. Qa8 g3 52. Bc1 Ng6 53. Qa5 g2 54. Kf2 Nxh4
55. Bxa3 Rf3+ 0-1